000 00334nam a2200145Ia 4500
003 LK-CoDNM
008 010623t xxu||||| |||| 00| 1 eng d
040 _aLK-CoDNM
_dLK-CoDNM
_eLK-CoDNM
041 _aeng
080 _a840 LE
245 _aLe Livre des Tovrnois DV Roi Rene
300 _b70p., 34 cm
650 _aProse
942 _cBK
999 _c134871
_d134871